000 00601nam a2200241Ia 4500
003 OSt
005 20221005133023.0
006 a|||||r|||| 00| 0
007 ta
008 221004b |||||||| |||| 00| 0 tel d
024 _a51454
037 _cTextual
040 _aCRL
_cCRL
_btel
041 _2tel
_atel
082 _aO35,1I10x, N4
100 _aKothandam Rajeswari
_9641953
245 0 _aVemana padalgal
260 _c1994
300 _a199p.
_ccm.
650 _aTELUGU POETRY
942 _hO35,1I10x, N4
_cTEXL
_2cc
999 _c1065501
_d1065501